One Tree Hill Characters Quiz - Statistics

General Stats
  • This quiz has been taken 683 times
    680 since last reset
  • The average score is 10 of 15
Answer Stats
Hint Answer % Correct
Number 3 for the Ravens. Lucas Scott
99%
Number 23 for the Ravens. Nathan Scott
99%
New Mayor. Dan Scott
91%
Brother shot him. Keith Scott
90%
Has a baby with Lucas. Peyton Sawyer
90%
Captain of the Cheer Squad. Brooke Davis
88%
Goes on tour with Chris Keller Haley Scott
75%
Killed his self in the school. Jimmy Edwards
70%
Got Fired from the Karen's Cafe. Deb Scott
63%
She is pregnant in Season 4. Karen Roe
58%
Announces the basketball games. Mouth McFadden
58%
Leaves Peyton to get daughter back. Jake Jagielski
55%
Daughter of Jake and Nikki. Jenny Jagielski
50%
Peyton's Brother that's in the Military. Derek Sommers
17%
Steals Jake Jagielski's Baby. Nikki M.
3%
No matching quizzes found
Score Distribution
Percent of People with Each Score
Percentile by Number Answered
Your Score History
You have not taken this quiz since the last reset